|
|
|
|
| LEADER |
00914nab a2200205 i 4500 |
| 001 |
misc73559 |
| 005 |
20241018123849.0 |
| 008 |
240304s1965 hu o 000 eng d |
| 040 |
|
|
|a SZTE Miscellanea Repozitórium
|b hun
|
| 041 |
|
|
|a eng
|
| 100 |
1 |
|
|a Johnsson Ruth
|
| 245 |
1 |
0 |
|a Induced orientation of the growth of malignant cells in vitro
|h [elektronikus dokumentum] :
|b [communicated by Albert Szent-Györgyi] /
|c Johnsson Ruth
|
| 260 |
|
|
|a National Academy of Sciences of the United States of America
|b Washington, D.C.
|c 1965-11-01
|
| 300 |
|
|
|a 1375-1378
|
| 490 |
0 |
|
|a Proceedings of the National Academy of Sciences of the United States of America : PNAS
|v 54 No. 5
|
| 561 |
|
|
|a Szent-Györgyi Albert munkatársainak publikációi
|
| 695 |
|
|
|a Rákkutatás
|
| 700 |
0 |
2 |
|a Szent-Györgyi Albert
|
| 700 |
0 |
1 |
|a Hegyeli Andrew
|e aut
|
| 856 |
4 |
0 |
|u http://misc.bibl.u-szeged.hu/73559/1/szgya_amerikai_193.pdf
|z Dokumentum-elérés
|